| 000 | 00817nam a22002177a 4500 | ||
|---|---|---|---|
| 999 |
_c177 _d177 |
||
| 003 | AR-CdUCM | ||
| 008 | 190222b ||||| |||| 00| 0 spa d | ||
| 040 |
_aMUNICIPALIDAD PROVINCIAL DEL CUSCO _cBIBLIOTECA MUNICIPAL DEL CUSCO |
||
| 082 |
_a985.009 / _bT94Ve |
||
| 100 |
_aVega, Juan José _9819 |
||
| 245 | _aJosé Gabriel Tupac Amaru / | ||
| 260 |
_aLima : _bEditorial Universo S.A, _c1969. |
||
| 300 |
_a157 páginas ; _c21 cm. |
||
| 505 | _aPosición social de Tupac Amaru -- Los Tupac Amaru y las altas clases sociales -- Los caciques y otros sectores de la aristocracia peruana -- El sector feudal latifundista: Hacendados y campesinos ... | ||
| 650 |
_aTupac Amaru. _9623 |
||
| 650 |
_aCusco. _9772 |
||
| 650 |
_aAndino. _9419 |
||
| 650 |
_aObraje. _9820 |
||
| 942 |
_2ddc _cLIBROS |
||
| 945 |
_amvr _d2019-02-22 |
||